000 01080cam a2200325 a 4500
001 32455
003 BD-RjUL
005 20211209051834.0
008 140426s1990 enk b 001 0 eng
020 _a185640000X
020 _a9679692612 (Malaysia)
035 _a(BD-RjUL)32544
040 _aDLC
_cDLC
_dDLC
_beng
041 _aeng
082 0 0 _a823.914
_220
_bSAD 1990
100 1 _aSardar, Ziauddin.
_998744
245 1 0 _aDistorted imagination :
_blessons from the Rushdie affair /
_cZiauddin Sardar & Merryl Wyn Davies.
260 _aLondon ;
_bGrey Seal ;
_aKuala Lumpur :
_bBerita,
_cc1990.
300 _aviii, 303 p. ;
_c25 cm.
504 _aIncludes bibliographical references (p. 280-292) and index.
600 1 0 _aRushdie, Salman.
_998751
650 0 _aEast and West in literature.
_998746
650 0 _aFreedom os speech
_xReligious aspects
_xIslam.
_998747
650 0 _aIslam and literature.
_998748
650 0 _aSecularism.
_998749
700 1 _aDavies, Merryl Wyn.
_998750
942 _2ddc
_cBK
999 _c32455
_d32455